[Event "POL-ch U26 rapid"]
[Site "Hucisko"]
[Date "2016.01.15"]
[Round "1"]
[White "Lewtak, Damian"]
[Black "Drela, Michal"]
[Result "1-0"]
[WhiteElo "2338"]
[BlackElo "1673"]
[PlyCount "87"]
[EventDate "2016.01.15"]
[EventType "swiss (rapid)"]
[EventRounds "9"]
[EventCountry "POL"]
[SourceTitle "CBM 170 Extra"]
[Source "ChessBase"]
[SourceDate "2016.02.25"]
[SourceVersion "1"]
[SourceVersionDate "2016.02.25"]
[SourceQuality "1"]

1. e4 e6 2. d3 d5 3. Nd2 Nf6 4. Ngf3 Bc5 5. d4 dxe4 6. dxc5 exf3 7. Qxf3 Nc6 8. Ne4 Nxe4 9. Qxe4 Qd5 10. Qxd5 exd5 11. Bf4 Bf5 12. Bxc7 Bxc2 13. Kd2 Kd7 14. Bd6 Bf5 15. f3 Rhe8 16. g4 Bg6 17. h4 Nd4 18. Kc3 Ne2+ 19. Kd2 Nd4 20. Rh3 h5 21. Rg3 hxg4 22. fxg4 Be4 23. Kc3 Nc6 24. Bb5 a6 25. Bxc6+ bxc6 26. Rf1 f6 27. h5 Rh8 28. Kd4 Ra7 29. Rb3 Re8 30. h6 Ke6 31. Rb6 gxh6 32. Rxc6 Kd7 33. Rb6 Re6 34. c6+ Kxd6 35. c7+ Kd7 36. Rxe6 Rxc7 37. Rexf6 Rc2 38. R1f2 Rc4+ 39. Ke5 Rc6 40. Rxc6 Kxc6 41. Rf6+ Kc5 42. Rxh6 Bd3 43. Rd6 Bc4 44. b3 1-0